Zobrané spisy. 12 : Október 1905 - apríl 1906

Enregistré dans:
Détails bibliographiques
Auteur principal: Lenin, Vladimír Iljič (Auteur)
Format: Livre
Langue:slovaque
Publié: Bratislava : Pravda, 1981
Édition:2.vyd.
Tags: Ajouter un tag
Pas de tags, Soyez le premier à ajouter un tag!

MARC

LEADER 00000nam a22000003a 4500
001 stu33439
005 20150617225732.7
008 981019s1981------------------------slo-d
040 |a STU  |b slo 
041 0 |a slo 
080 |a 100.13(081) 
100 1 |a Lenin, Vladimír Iljič  |4 aut 
245 1 |a Zobrané spisy. 12 :  |b Október 1905 - apríl 1906 
250 |a 2.vyd. 
260 |a Bratislava :  |b Pravda,  |c 1981 
300 |a 657 s 
996 |b E48138  |c E*48138  |l EE06  |s P  |a 0  |w stu33439_0001